Miasta powiatowe (woj. łódzkie) - Statystyki

Ogólne statystyki
  • Ten quiz został rozwiązany 253 razy
  • Średni wynik to 16 z 21
Statystyki odpowiedzi
Liczba ludności Miasto % Poprawnych
687 702 Łodź
99%
74 004 Piotrków Trybunalski
92%
65 547 Pabianice
87%
62 970 Tomaszów Mazowiecki
84%
57 694 Bełchatów
83%
48 296 Skierniewice
83%
56 528 Zgierz
83%
42 461 Sieradz
82%
46 245 Radomsko
78%
44 333 Kutno
77%
42 222 Zduńska Wola
74%
28 563 Łowicz
73%
17 462 Rawa Mazowiecka
73%
22 631 Wieluń
72%
21 419 Opoczno
70%
14 163 Łęczyca
69%
17 413 Łask
67%
6 769 Pajęczno
61%
7 501 Poddębice
60%
12 537 Brzeziny
58%
8 570 Wieruszów
56%
Nie znaleziono quizów pasujących do podanych kryteriów
Rozkład punktacji
Procent ludzi z każdym wynikiem
Percentyl według liczby udzielonych odpowiedzi
Twoja historia wyników
Nie rozwiązałeś tego quizu